Оценка эффективности систем физической защиты с помощью нейронных сетей; Физико-технические проблемы атомной энергетики и промышленности

Manylion Llyfryddiaeth
Parent link:Физико-технические проблемы атомной энергетики и промышленности.— 2010.— [С. 98]
Prif Awdur: Годовых А. В. Алексей Валерьевич
Awduron Eraill: Овчинников А. В. Антон Викторович, Рыков И. В. Иван Юрьевич
Crynodeb:Заглавие с титульного листа.
Электронная версия печатной публикации.
Iaith:Rwseg
Cyhoeddwyd: 2010
Cyfres:Радиационная безопасность и нераспространение ядерно-опасных материалов
Pynciau:
Mynediad Ar-lein:http://www.lib.tpu.ru/fulltext/c/2010/C49/012.pdf
Fformat: MixedMaterials Electronig Pennod Llyfr
KOHA link:https://koha.lib.tpu.ru/cgi-bin/koha/opac-detail.pl?biblionumber=612253

MARC

LEADER 00000naa2a2200000 4500
001 612253
005 20260421151007.0
035 |a (RuTPU)RU\TPU\conf\10365 
090 |a 612253 
100 |a 20150529d2010 k y0rusy50 ca 
101 0 |a rus 
102 |a RU 
135 |a drgn ---uucaa 
181 0 |a i  
182 0 |a b 
200 1 |a Оценка эффективности систем физической защиты с помощью нейронных сетей  |f А. В. Годовых, А. В. Овчинников, И. В. Рыков 
203 |a Текст  |c электронный 
215 |a 1 файл (170 Кб) 
225 1 |a Радиационная безопасность и нераспространение ядерно-опасных материалов 
300 |a Заглавие с титульного листа. 
300 |a Электронная версия печатной публикации. 
337 |a Adobe Reader 
463 1 |0 (RuTPU)RU\TPU\conf\110  |t Физико-технические проблемы атомной энергетики и промышленности  |o сборник тезисов докладов V Международной научно-практической конференции, г. Томск, 7-8 июня 2010 г.  |f Национальный исследовательский Томский политехнический университет (ТПУ) ; под ред. В. А. Власова и др.  |v [С. 98]  |d 2010 
610 1 |a электронный ресурс 
610 1 |a труды учёных ТПУ 
610 1 |a физическая защита 
610 1 |a нейтронные сети 
610 1 |a ядерные материалы 
700 1 |a Годовых  |b А. В.  |c физик  |c старший преподаватель Томского политехнического университета  |f 1983-  |g Алексей Валерьевич  |3 (RuTPU)RU\TPU\pers\25483 
701 1 |a Овчинников  |b А. В.  |c специалист в области электроники и автоматики физических установок  |c заведующий учебно-научной лабораторией дискретной и микропроцессорной техники Томского политехнического университета  |f 1984-  |g Антон Викторович  |3 (RuTPU)RU\TPU\pers\28162 
701 1 |a Рыков  |b И. В.  |c физик  |c техник Томского политехнического университета  |f 1990-  |g Иван Юрьевич  |3 (RuTPU)RU\TPU\pers\30904 
801 2 |a RU  |b 63413507  |c 20150529  |g RCR 
856 4 |u http://www.lib.tpu.ru/fulltext/c/2010/C49/012.pdf 
942 |c BK